00595cam a2200229 a 45000010009000000050017000090080041000260100017000670200029000840200034001130350022001470400013001690410008001820800013001900820017002031000006002201010008002262450057002349060045002919420012003369990017003481341199620180314083708.0031121s2005 caua 001 0 eng  a 2003115773 a053440653X (student ed.) a0534406548 (instructor's ed.) a(DLC) 2003115773 aDLCcDLC aeng a570 ala00a570 ala2221 a6 azoo10aAsking about life /cAllan J. Tobin, Jennie Dusheck. a7bcbccorignewd3eepcnf20gy-gencatlg 2ddccBK c45021d45021